00810na a2200193 450000100060000000300080000600500170001400800410003103500100007204000250008204100080010708200260011524501510014126000730029230000240036561000860038965100400047571001010051522659MIRAKIL20181213154802.0170221b tu 000 0  a15347 aMilasbturcTR-AnCHP atur a068.5610026bA72 2009 aAtatürk Kültür, Dil ve Tarih Yüksek Kurumu 2009 performans programıb(taslak)c[hazırlayan] Strateji Geliştirme Daire Başkanlığı aİstanbulbAtatürk Kültür, Dil ve Tarih Yüksek Kurumuc2009 a80 s.btbl.c29 cm. aAtatürk Kültür, Dil ve Tarih Yüksek KurumuxÇalışma raporları, 2009 aTürkiyexKültür politikaları aAtatürk Kültür, Dil ve Tarih Yüksek KurumubStrateji Geliştirme Daire Başkanlığı